| 000 | 00539nam a2200205 a 4500 | ||
|---|---|---|---|
| 001 | BRCA_6224 | ||
| 005 | 20190320205357.0 | ||
| 008 | 190711s1920----gw-ac#####---#000-0#ger-# | ||
| 041 | _ager | ||
| 044 | _agw | ||
| 050 | 4 |
_aPT4832 _b.B64 1920 |
|
| 100 | 1 |
_aBodewadt, Jacob _d1883- _915640 |
|
| 245 | 1 | 0 |
_aZwischen zwei Meeren _cJacob Bodewadt. |
| 260 |
_aBraunschweig _bG. Westermann _cc1920 |
||
| 300 |
_a483 p. _bil. (algunas a color) _c21 cm. |
||
| 500 | _aK84 | ||
| 650 | 1 | 4 |
_aLiteratura Alemana _96160 |
| 902 | _aGFM | ||
| 942 |
_2lcc _cB |
||
| 999 |
_c5911 _d5911 |
||